000 01517cam a2200325 a 4500
999 _c27188
_d27188
001 15129926
005 20170207152022.0
008 080107s2008 mauab b 000 0 eng
010 _a 2008000583
020 _a9781592534418
020 _a1592534414
035 _a(OCoLC)ocn190761252
035 _a(OCoLC)190761252
040 _aDLC
_cDLC
_dDLC
050 0 0 _aNC1002
_b.L63A32 2008
100 1 _aAdams, Sean.
245 1 0 _aMasters of design :
_blogos & identity : a collective of the world's most inspiring logo designers /
_cSean Adams.
260 _aBeverly, Mass. :
_bRockport Publishers,
_cc2008.
300 _a232 p. :
_bill. (chiefly col.), maps ;
_c27 cm.
504 _aIncludes bibliographical references (p. 232).
650 0 _aLogos (Symbols)
_xDesign.
650 0 _aIndustrial design coordination.
856 4 1 _3Table of contents only
_uhttp://www.loc.gov/catdir/toc/ecip088/2008000583.html
856 4 2 _3Contributor biographical information
_uhttp://www.loc.gov/catdir/enhancements/fy0837/2008000583-b.html
856 4 2 _3Publisher description
_uhttp://www.loc.gov/catdir/enhancements/fy0901/2008000583-d.html
942 _2lcc
_cBOOKS
_hNC1002 .L63A32 2008